<?xml version="1.0" encoding="UTF-8"?>
<collection xmlns="http://www.loc.gov/MARC21/slim">
 <record>
  <leader>01402nam a2200277 a 4500</leader>
  <controlfield tag="001">10759</controlfield>
  <controlfield tag="003">BD-DhAAL</controlfield>
  <controlfield tag="008">090506r20011994    ii a         0001 0 eng d </controlfield>
  <datafield tag="999" ind1=" " ind2=" ">
   <subfield code="c">445</subfield>
   <subfield code="d">445</subfield>
  </datafield>
  <datafield tag="020" ind1=" " ind2=" ">
   <subfield code="a">8121902908</subfield>
  </datafield>
  <datafield tag="020" ind1=" " ind2=" ">
   <subfield code="a">8121902894 </subfield>
  </datafield>
  <datafield tag="040" ind1=" " ind2=" ">
   <subfield code="a">BD-DhAAL</subfield>
  </datafield>
  <datafield tag="082" ind1="0" ind2="4">
   <subfield code="a">621.3</subfield>
   <subfield code="2">21 </subfield>
  </datafield>
  <datafield tag="100" ind1="1" ind2=" ">
   <subfield code="a">Theraja, B. L. </subfield>
   <subfield code="9">24880</subfield>
  </datafield>
  <datafield tag="245" ind1="1" ind2="2">
   <subfield code="a">A text-book of electrical technology in S.I. system of units (including rationalized M.K.S.A. System) : </subfield>
   <subfield code="b">vol.I, basic electrical engineering /</subfield>
   <subfield code="c">B.L. Theraja, A.K. Theraja. </subfield>
  </datafield>
  <datafield tag="250" ind1=" " ind2=" ">
   <subfield code="a">Twenty-first edition</subfield>
  </datafield>
  <datafield tag="260" ind1=" " ind2=" ">
   <subfield code="a">Ram Nagar, New Delhi :</subfield>
   <subfield code="b">Nirja Construction &amp; Development,</subfield>
   <subfield code="c">1994.(Reprinted 2001)  </subfield>
  </datafield>
  <datafield tag="300" ind1=" " ind2=" ">
   <subfield code="a">xxxii, 1867 pages :</subfield>
   <subfield code="b">illustrations ;</subfield>
   <subfield code="c">25 cm. </subfield>
  </datafield>
  <datafield tag="362" ind1="0" ind2=" ">
   <subfield code="a">Vol.I</subfield>
  </datafield>
  <datafield tag="541" ind1="1" ind2=" ">
   <subfield code="e">10759</subfield>
  </datafield>
  <datafield tag="650" ind1="0" ind2=" ">
   <subfield code="a">Electrical engineering. </subfield>
   <subfield code="9">24881</subfield>
  </datafield>
  <datafield tag="852" ind1="4" ind2=" ">
   <subfield code="a">Ayesha Abed Library</subfield>
   <subfield code="c">General Stacks</subfield>
  </datafield>
  <datafield tag="942" ind1="0" ind2="0">
   <subfield code="0">1</subfield>
   <subfield code="2">ddc</subfield>
   <subfield code="c">BK</subfield>
  </datafield>
  <datafield tag="952" ind1=" " ind2=" ">
   <subfield code="0">0</subfield>
   <subfield code="1">0</subfield>
   <subfield code="2">ddc</subfield>
   <subfield code="4">0</subfield>
   <subfield code="6">621_319130000000000_THE_2001</subfield>
   <subfield code="7">0</subfield>
   <subfield code="9">405</subfield>
   <subfield code="a">BRACUL</subfield>
   <subfield code="b">BRACUL</subfield>
   <subfield code="c">GEN</subfield>
   <subfield code="d">2009-05-06</subfield>
   <subfield code="g">240.00</subfield>
   <subfield code="l">8</subfield>
   <subfield code="m">11</subfield>
   <subfield code="o">621.31913 THE</subfield>
   <subfield code="p">3010010759</subfield>
   <subfield code="r">2025-02-11</subfield>
   <subfield code="s">2024-12-24</subfield>
   <subfield code="t">1</subfield>
   <subfield code="v">480.00</subfield>
   <subfield code="w">2009-05-06</subfield>
   <subfield code="y">BK</subfield>
  </datafield>
  <datafield tag="952" ind1=" " ind2=" ">
   <subfield code="0">0</subfield>
   <subfield code="1">0</subfield>
   <subfield code="2">ddc</subfield>
   <subfield code="4">0</subfield>
   <subfield code="6">621_319130000000000_THE_2001</subfield>
   <subfield code="7">0</subfield>
   <subfield code="9">8750</subfield>
   <subfield code="a">BRACUL</subfield>
   <subfield code="b">BRACUL</subfield>
   <subfield code="c">GEN</subfield>
   <subfield code="d">2010-03-23</subfield>
   <subfield code="l">3</subfield>
   <subfield code="m">26</subfield>
   <subfield code="o">621.31913 THE</subfield>
   <subfield code="p">3010010763</subfield>
   <subfield code="r">2018-04-15</subfield>
   <subfield code="s">2017-12-06</subfield>
   <subfield code="t">2</subfield>
   <subfield code="w">2010-03-23</subfield>
   <subfield code="y">BK</subfield>
  </datafield>
  <datafield tag="952" ind1=" " ind2=" ">
   <subfield code="0">0</subfield>
   <subfield code="1">0</subfield>
   <subfield code="2">ddc</subfield>
   <subfield code="4">0</subfield>
   <subfield code="6">621_319130000000000_THE_2001</subfield>
   <subfield code="7">0</subfield>
   <subfield code="9">8839</subfield>
   <subfield code="a">BRACUL</subfield>
   <subfield code="b">BRACUL</subfield>
   <subfield code="c">GEN</subfield>
   <subfield code="d">2010-03-29</subfield>
   <subfield code="l">4</subfield>
   <subfield code="m">30</subfield>
   <subfield code="o">621.31913 THE</subfield>
   <subfield code="p">3010010762</subfield>
   <subfield code="r">2024-05-23</subfield>
   <subfield code="s">2024-02-03</subfield>
   <subfield code="t">3</subfield>
   <subfield code="w">2010-03-29</subfield>
   <subfield code="y">BK</subfield>
  </datafield>
 </record>
</collection>
